A kecskeméti zsidók részvétele az 1848-49-es szabadságharcban

Elmentve itt :
Bibliográfiai részletek
Szerző: Somogyi Haroldné
Dokumentumtípus: Cikk
Megjelent: Belvedere Meridionale Szeged 1999
Sorozat:Belvedere Meridionale 11 No. 3-4
Kulcsszavak:Magyarország története - 1848-1849 - regionális, Zsidók története - Kecskemét - 1848-1849, Szabadságharc - Magyarország - 1848-1849
Tárgyszavak:
Online Access:http://acta.bibl.u-szeged.hu/4690
LEADER 00853nab a2200193 i 4500
001 acta4690
005 20250804143833.0
008 161015s1999 hu o 000 hun d
040 |a SZTE Egyetemi Kiadványok Repozitórium  |b hun 
041 |a hun 
100 1 |a Somogyi Haroldné 
245 1 2 |a A kecskeméti zsidók részvétele az 1848-49-es szabadságharcban  |h [elektronikus dokumentum] /  |c  Somogyi Haroldné 
260 |a Belvedere Meridionale  |b Szeged  |c 1999 
300 |a 4-32 
490 0 |a Belvedere Meridionale  |v 11 No. 3-4 
650 4 |a Bölcsészettudományok 
650 4 |a Történettudomány és régészet 
695 |a Magyarország története - 1848-1849 - regionális, Zsidók története - Kecskemét - 1848-1849, Szabadságharc - Magyarország - 1848-1849 
856 4 0 |u http://acta.bibl.u-szeged.hu/4690/1/belvedere_1999_003_004-032.pdf  |z Dokumentum-elérés